Czasy Średniowieczne i Nowożytne - Statystyki

Ogólne statystyki
  • Ten quiz został rozwiązany 150 razy
  • Średni wynik to 9 z 16
Statystyki odpowiedzi
Zagadnienie Odpowiedź % Poprawnych
Co oznacza ONZ Organizacja Narodów Zjednoczonych
94%
Kiedy była wielka wyprawa Krzysztofa Kolumba której wynikiem było odkrycie Ameryki? 3 sierpnia 1492 roku
91%
Kiedy był potop Szwedzki? 1655-1660
84%
W którym roku Litwa i Polska połączyła się przez unie? 1385
78%
W którym roku Wielka Brytania zakolonizowała Królestwo Egiptu? 1882 n.e
75%
Kiedy utworzono Związek Socjalistycznych Republik Radzieckich? 30 grudnia 1922
75%
Jaki był rząd w chińskich republikach Ludowych? Faszyzm,Komunizm
75%
Kiedy Wielka Brytania opuściła UE 1 lutego 2020 r
72%
Jak się nazywała komunistyczna partia w Hiszpanii w 1936–1939. Front Ludowy
59%
*Bonus 1* Kiedy Rzymianie Obalili Monarchie 500r p.n.e
44%
Jakie państwo nigdy nie było zakolonizowane(lub Zaatakowane Podczas ,,Afrykańskich kolonii) Liberia
38%
Ile jest ,,historycznych Chin'' 2
34%
Co to była ,,Fall Weiss''? Hitlerowski Plan ataku na Polske
34%
Ile państw wchodzi w skład Imperium Osmańskiego? 22
31%
Kiedy utworzono UE 1 listopada 1993 roku
22%
Ile jest ,,głównych rządów'' 7
19%
Nie znaleziono quizów pasujących do podanych kryteriów
Rozkład punktacji
Procent ludzi z każdym wynikiem
Percentyl według liczby udzielonych odpowiedzi
Twoja historia wyników
Nie rozwiązałeś tego quizu